US States with most Feral Hogs - Statistics

General Stats
  • This quiz has been taken 20 times
  • The average score is 8 of 10
Answer Stats
Feral Hogs Answer % Correct
250,000 Alabama
89%
400,000 California
89%
750,000 Louisiana
83%
500,000 New Mexico
83%
450,000 South Carolina
83%
3,000,000 Texas
83%
500,000 Florida
78%
600,000 Georgia
78%
1,500,000 Oklahoma
72%
400,000 Hawaii
39%
No matching quizzes found
Score Distribution
Percent of People with Each Score
Percentile by Number Answered
Your Score History
You have not taken this quiz